书目信息 |
| 题名: |
旅游文化基础导论
|
|
| 作者: | 邓爱民 , 王子超 主编 | |
| 分册: | ||
| 出版信息: | 北京 中国旅游出版社 2019 |
|
| 页数: | 315 | |
| 开本: | 26cm | |
| 丛书名: | ||
| 单 册: | ||
| 中图分类: | F590-05 | |
| 科图分类: | ||
| 主题词: | 旅游文化--lv you wen hua--高等学校--教材 | |
| 电子资源: | ||
| ISBN: | 978-7-5032-6175-6 | |
| 000 | 01144nam0 2200277 450 | |
| 001 | 012001008684 | |
| 005 | 20140102082509.0 | |
| 010 | @a978-7-5032-6175-6@dCNY39.80 | |
| 099 | @aCAL 012019079769 | |
| 100 | @a20190410d2019 em y0chiy50 ea | |
| 101 | 0 | @achi |
| 102 | @aCN@b110000 | |
| 105 | @ak z 000yy | |
| 106 | @ar | |
| 200 | 1 | @a旅游文化基础导论@Alv you wen hua ji chu dao lun@f邓爱民,王子超主编 |
| 210 | @a北京@c中国旅游出版社@d2019 | |
| 215 | @a315@d26cm | |
| 300 | @a中国旅游业普通高等教育应用型规划教材 | |
| 330 | @a全书共分三编12章。第一编旅游文化综论,包括旅游文化概述、文化史与旅游文化、审美与旅游文化;第二编旅游文化类述,包括地貌景观中的人类旅游文化、海洋景观中的人类旅游文化、城市街区及杰出建筑旅游文化、乡村旅游文化、非物质旅游文化、宗教旅游文化;第三编旅游文化管理,包括旅游目的地及接待业的文化管理、旅游文化的产业化、旅游文化的优质化管理。 | |
| 333 | @a高校旅游专业师生 | |
| 606 | 0 | @a旅游文化@Alv you wen hua@x高等学校@j教材 |
| 690 | @aF590-05@v5 | |
| 701 | 0 | @a邓爱民@Adeng ai min@4主编 |
| 701 | 0 | @a王子超@Awang zi chao@4主编 |
| 801 | 0 | @aCN@b上海新华@c20191020 |
| 905 | @b1185426-9@dF590-05@e569@f4 | |
| 旅游文化基础导论/邓爱民,王子超主编.-北京:中国旅游出版社,2019 |
| 315;26cm |
| 中国旅游业普通高等教育应用型规划教材.-使用对象:高校旅游专业师生 |
| ISBN 978-7-5032-6175-6:CNY39.80 |
| 全书共分三编12章。第一编旅游文化综论,包括旅游文化概述、文化史与旅游文化、审美与旅游文化;第二编旅游文化类述,包括地貌景观中的人类旅游文化、海洋景观中的人类旅游文化、城市街区及杰出建筑旅游文化、乡村旅游文化、非物质旅游文化、宗教旅游文化;第三编旅游文化管理,包括旅游目的地及接待业的文化管理、旅游文化的产业化、旅游文化的优质化管理。 |
| ● |
| 相关链接 |
|
|
|
|
正题名:旅游文化基础导论
索取号:F590-05/569
 
预约/预借
| 序号 | 登录号 | 条形码 | 馆藏地/架位号 | 状态 | 备注 |
| 1 | 1185426 | 211854260 | 第一样本阅览室/ [索取号:F590-05/569] | 在馆 | |
| 2 | 1185427 | 211854279 | 第一借阅区/ [索取号:F590-05/569] | 在馆 | |
| 3 | 1185428 | 211854288 | 第一借阅区/ [索取号:F590-05/569] | 在馆 | |
| 4 | 1185429 | 211854297 | 第一借阅区/ [索取号:F590-05/569] | 在馆 |